000
00242nam a2200097Ia 4500
005
20250424112900.0
008
250424s9999 xx 000 0 und d
300
_a
iv, 81 p. :ill. ; 28 cm.
650
_a
Radius (Anatomy)--Fractures.
942
_c
SR
999
_c
37682
_d
37682